| 000 | 00563nam a2200181Ia 4500 | ||
|---|---|---|---|
| 001 | 22567 | ||
| 008 | 140409s9999 xx 000 0 und d | ||
| 020 | _a0-87589-359-7 | ||
| 040 | _cPK-LaUMT | ||
| 082 |
_a 378.1 _bSMI-I |
||
| 100 | _aAlison R. Burnstein | ||
| 245 | 4 |
_aThe impersonal campus: _boptions for reorganizing colleges to increase student involvement, learning _cAlison R. Burnstein<>Virginia B. Smith |
|
| 260 |
_aSan Francisco,UK: _bJossey-Bass Publishers, _c1979 |
||
| 300 | _a137 p. | ||
| 546 | _aEN | ||
| 700 | _aVirginia B. Smith | ||
| 942 | _cBK | ||
| 999 |
_c22820 _d22820 |
||